A poesia da presença (Registo nº 201692)

Detalhes MARC
000 -Etiqueta do registo
Valores 00653nam 22001813 4500
100 ## - Dados gerais de processamento
Dados gerais 20260409d u||y0pory50 ba
200 ## - Titulo e menção de responsabilidade
Título próprio A poesia da presença
Primeira menção de responsabilidade apresentação crítica, selecção, notas e sugestões para análise literária de Maria Teresa Arsénio Nunes
210 ## - Publicação
Local de publicação Lisboa
Nome do editor Seara Nova, Editorial Comunicação
Data de publicação 1982
215 ## - Descrição física 
Paginação / Volumes 168, [4] p.
Outras indicações físicas brochado
Dimensões 19 cm
225 ## - Colecção 
Título próprio da colecção Textos literários
Número de parte ou secção 25
606 ## - Nome comum usado como assunto
ID Autoridade 3661
Palavra de ordem Crítica Literária.Estudos Literários
675 ## - CDU
Notação 82.09
Edição PT
Língua por
700 ## - Autor principal (pessoa individual)
ID Autoridade 17066
Apelido Nunes
Nome Maria Teresa Arsénio
Datas 1952-
801 ## - Fonte de origem
País PT
Agência BMMN
Regras de catalogação RPC
830 ## - Notas gerais do catalogador
Criado por Vanda
990 ## - Elementos KOHA
Tipo de documento Livro
Exemplares
Situação do levantamento Biblioteca de origem Código de barras Cota Permissão de empréstimo Tipo de documento Forma de aquisição
  Biblioteca Municipal de Montemor-o-Novo 31058 82.09 POE|DEP   Livro Compra

Powered by Koha